000 00416nam a2200145Ia 4500
008 100204s9999 xx 000 0 und d
082 _b10955
100 _aसिनकर श्रीकांत
245 _aसैतान
260 _b"दिलीप प्रकाशन , मुंबई 4"
_c1985 2
300 _a189
630 _aसैतान
730 _aसैतान
942 _cBOOK
999 _c455391
_d455388